Ispol'zovanije osnovnych fondov v promyšlennosti
Gespeichert in:
| 1. Verfasser: | |
|---|---|
| Weitere Verfasser: | |
| Format: | Buch |
| Sprache: | Russisch |
| Veröffentlicht: |
Kijev
Naukova dumka
1986
|
| Ausgabe: | 1. izd. |
| Tags: |
Keine Tags, Fügen Sie das erste Tag hinzu!
|
MARC
| LEADER | 00000nam a2200000 4500 | ||
|---|---|---|---|
| 001 | c024392 | ||
| 005 | 20221220073822.9 | ||
| 041 | 0 | |a rus | |
| 044 | |a UA | ||
| 245 | 1 | 0 | |a Ispol'zovanije osnovnych fondov v promyšlennosti |c Alina Nikitična Fedoriščeva, Vladimir Aleksandrovič Alymov |
| 250 | |a 1. izd. | ||
| 264 | 1 | |a Kijev |b Naukova dumka |c 1986 | |
| 300 | |a 219 s. | ||
| 100 | 1 | |a Fedoriščeva, Alina Nikitična | |
| 700 | 1 | |a Alymov, Vladimir Aleksandrovič | |